| 000 | 00346nam a2200145Ia 4500 | ||
|---|---|---|---|
| 008 | 150201s2006 xx 000 0 und d | ||
| 082 |
_a616.07 _bM06S |
||
| 100 | _aSOOD , RAMNIK | ||
| 245 | _aMLT MEDICAL LABORATORY TECHNOLOGY | ||
| 250 | _a5TH | ||
| 260 |
_bJAYPEE _aDELHI _c2006 |
||
| 300 | _a1-732 | ||
| 650 | _aPATHOLOGY | ||
| 942 |
_2ddc _cBK _06 |
||
| 999 |
_c1341 _d1341 |
||